000 01238cam a22003377a 4500
999 _c5427
_d5427
001 15118057
003 GZU
005 20210406123650.0
008 071218s2009 nyuaf b 001 0 eng
010 _a 2007943511
015 _aGBA8A7906
_2bnb
016 7 _a014749839
_2Uk
020 _a9781563674976 (pbk.)
020 _a1563674971 (pbk.)
035 _a(OCoLC)ocn248989878
040 _aUKM
_cUKM
_dBTCTA
_dOCLCQ
_dYDXCP
_dDLC
042 _alccopycat
050 0 0 _aTH9705
_b.O'SH 2009
082 0 4 _a364.49
_222
100 1 _aO'Shea, Linda S.
245 1 0 _aDesign and security in the built environment /
_cLinda S. O'Shea, Rula Awwad-Rafferty.
260 _aNew York :
_bFairchild Books,
_cc2009.
300 _axxiii, 308 p., 8 p. of plates :
_bill. (some col.) ;
_c23 cm.
504 _aIncludes bibliographical references (p. 271-284) and index.
650 0 _aBuildings
_xSecurity measures.
650 0 _aInterior architecture.
700 1 _aAwwad-Rafferty, Rula.
906 _a7
_bcbc
_ccopycat
_d2
_encip
_f20
_gy-gencatlg
942 _2lcc
_cBK
_h9705
_iO'SH
_kTH